| 000 | 00854 a2200205 4500 | ||
|---|---|---|---|
| 003 | Nust | ||
| 005 | 20221229113509.0 | ||
| 010 | _a29012692 | ||
| 040 | _cNust | ||
| 082 | _a335.02,MIL | ||
| 100 |
_aAspinall-Oglander, Cecil Faber _9106324 |
||
| 245 |
_aHistory of th great war Military operations, Gallipoli / _ccompiled by Br.-General C. F. Aspinall-Oglander _hmaps and sketches compiled by Major A. F. Becke |
||
| 260 |
_aW. Heinemann ltd _bLondon _c1929-32 |
||
| 300 |
_axv, 517 p _bin 4 front _cplates _emaps (part. fold.) diagrs _f(1 fold.) 23 cm |
||
| 490 | _vVOL-2 | ||
| 505 | _aPart 1:- The Struggle for Achi Baba (Page-3), Part 2:- The August Offensive (Page-127), Part 3:- The Last Phase (Page-333). | ||
| 600 |
_aAspinall-Oglander, Cecil Faber _9106324 |
||
| 650 |
_aMilitary operations, Gallipoli _9106325 |
||
| 942 |
_cBVOL _2ddc _k335.02,MIL |
||
| 999 |
_c185619 _d185619 |
||